zpět

Detail výsledku týmu

The Pub Praha 2 PO, Praha

Datum a čas kvízu

32.5 Celkem bodů Celkový počet nahraných bodů na tomto kvízu bez doplňovacích otázek.
5. Pořadí na kvízu Konečné umístění týmu na tomto kvízu.

Zaznamenané odpovědi

# Otázka Odpověď Body Výsledky
1. Minulý týden rozbouřil vody če... Vondráček s kolegou vyskočili na předsednický pult a hráli na kytary. 1
2. Je všeobecně známo, že Čína dl... turisté prý špatně snášejí vysokou nadmořskou výšku 1
3. Tři interpreti dostali v úter... Lucie, Barbora Poláková 1
4. Americký prezident Donald Trum... (Tim) Apple 0
5. Vedoucí žena Světového poháru... Špindlerův Mlýn 1
6. V prvních čtyřech otázkách tém... Alois Jirásek, Staré pověsti české 1
7. „Vstávej!“ ...Meduna krásně př... Karel Poláček, Muži v offsidu 0
8. Zde prosíme celé jméno autora... Josef Čapek, Povídání o pejskovi a kočičce 1
9. Zde nejde o první větu, ale je... Vladislav Vančura, Rozmarné léto 0
10. "V jednom kupé druhé třídy ryc... B 1